000 00463nam a2200193Ia 4500
003 0100
008 130303s9999 xx 000 0 und d
040 _cARRUPELIB
050 _aR725.55.R441996
245 _aReligion Medical Ethics
245 _blooking back, looking forward
260 _aGrand Rapids, Michigan
260 _bCambridge
260 _C1996
300 _avi
300 _b 152p. 22cm
700 _aedited by Allen Verhey
942 0 0 _01
999 _c11369
_d11369